[Event "Marianske Lazne GM-A1"]
[Site "Marianske Lazne"]
[Date "2008.01.23"]
[Round "5"]
[White "Brener, Ilja"]
[Black "Cerveny, Petr"]
[Result "1-0"]
[WhiteElo "2394"]
[BlackElo "2403"]
[PlyCount "103"]
[EventDate "2008.01.19"]
[EventType "tourn"]
[EventRounds "11"]
[EventCountry "CZE"]
[EventCategory "8"]
[SourceTitle "CBM 122 Extra"]
[Source "ChessBase"]
[SourceDate "2008.03.04"]
[SourceVersion "1"]
[SourceVersionDate "2008.03.04"]
[SourceQuality "1"]

1. Nf3 Nf6 2. c4 g6 3. Nc3 Bg7 4. e4 d6 5. d4 0-0 6. Be2 e5 7. Be3 Na6 8. 0-0 Ng4 9. Bg5 Qe8 10. h3 exd4 11. Nxd4 h6 12. Bc1 Nf6 13. Bf3 Nh7 14. g4 h5 15. Be3 Qd8 16. Kg2 Ng5 17. Be2 Nc5 18. f3 Nge6 19. Nxe6 Bxe6 20. Qd2 f5 21. exf5 gxf5 22. Nd5 hxg4 23. hxg4 Qd7 24. g5 Qd8 25. Rh1 c6 26. Nf6+ Bxf6 27. gxf6 Rxf6 28. Rag1 Rg6+ 29. Kf1 Rxg1+ 30. Rxg1+ Kf7 31. Bh6 Ke8 32. b4 Nd7 33. Qxd6 Qe7 34. c5 Qxd6 35. cxd6 Ne5 36. Bf4 Nd7 37. Rg7 Bf7 38. Bd3 Nf8 39. Bxf5 Rd8 40. Kf2 a5 41. bxa5 Ra8 42. d7+ Nxd7 43. Bxd7+ Kf8 44. Bh6 Rd8 45. Rg1+ Ke7 46. Bg5+ Kxd7 47. Bxd8 Kxd8 48. a3 Bc4 49. Ke3 Ba6 50. Kd4 Ke7 51. Ke5 Kf7 52. Rc1 1-0

[Event "Marianske Lazne GM-A1"]
[Site "Marianske Lazne"]
[Date "2008.01.19"]
[Round "1"]
[White "Swiercz, Dariusz"]
[Black "Brener, Ilja"]
[Result "1/2-1/2"]
[WhiteElo "2315"]
[BlackElo "2394"]
[PlyCount "221"]
[EventDate "2008.01.19"]
[EventType "tourn"]
[EventRounds "11"]
[EventCountry "CZE"]
[EventCategory "8"]
[SourceTitle "CBM 122 Extra"]
[Source "ChessBase"]
[SourceDate "2008.03.04"]
[SourceVersion "1"]
[SourceVersionDate "2008.03.04"]
[SourceQuality "1"]

1. Nf3 d5 2. e3 Nf6 3. c4 e6 4. b3 c5 5. Bb2 Nc6 6. cxd5 exd5 7. Bb5 Be7 8. 0-0 0-0 9. Nc3 Bg4 10. h3 Bh5 11. Bxc6 bxc6 12. d3 Nd7 13. Ne2 Bxf3 14. gxf3 Bf6 15. Bxf6 Qxf6 16. f4 a5 17. d4 cxd4 18. Qxd4 Qxd4 19. Nxd4 Rfc8 20. Rfd1 g6 21. Rac1 c5 22. Nb5 Nb6 23. Nc3 Rd8 24. Rd2 Rd7 25. Nb5 Rc8 26. Rdc2 c4 27. Kg2 Kg7 28. Kf3 Rc5 29. Na3 Rdc7 30. Rc3 Kf6 31. h4 Ke7 32. h5 gxh5 33. Rh1 cxb3 34. Rxb3 Nc4 35. Rd3 Nxa3 36. Rxa3 d4 37. exd4 Rd5 38. Ke4 Kd6 39. Rb3 Re7+ 40. Kd3 Rd7 41. Rc3 f6 42. Rc8 Ke6 43. Rc6+ Kf7 44. Rc4 Rb5 45. Kc3 Rf5 46. Rh4 Rfd5 47. Rh1 Ke6 48. Rc6+ Ke7 49. Rc4 Kd6 50. Rc5 Rc7 51. Rxc7 Kxc7 52. Rg1 Kc6 53. Rg7 Rd7 54. Rg3 Kd5 55. Kd3 Ke6 56. Rh3 Rd5 57. a4 Kd6 58. Ke4 Ke6 59. Rh1 h6 60. Rh3 Rd8 61. Rxh5 f5+ 62. Kd3 Rh8 63. Kc4 Kd6 64. d5 Rh7 65. Kd4 Rh8 66. Rxf5 h5 67. Rf6+ Kd7 68. Rf7+ Kd6 69. Rf6+ Kd7 70. Rg6 h4 71. Rg7+ Kd6 72. Rg6+ Kd7 73. Rg2 h3 74. Rh2 Kd6 75. Ke4 Rh7 76. f5 Rh4+ 77. f4 Rh8 78. f6 Rh5 79. f7 Ke7 80. f5 Kxf7 81. Ke5 Ke7 82. d6+ Kd7 83. Kf6 Kxd6 84. Kg6 Rh4 85. f6 Rg4+ 86. Kf5 Rg3 87. Rd2+ Kc7 88. f7 Rf3+ 89. Ke6 Re3+ 90. Kf6 Rf3+ 91. Ke7 Re3+ 92. Kf8 Rf3 93. Re2 Kd7 94. Re7+ Kd8 95. Re5 h2 96. Rd5+ Kc7 97. Rh5 Rf2 98. Kg7 Rg2+ 99. Kh7 Rf2 100. Kg8 Rg2+ 101. Kh8 Rf2 102. Kg7 Rg2+ 103. Kf6 Rf2+ 104. Ke6 Re2+ 105. Kd5 Rd2+ 106. Kc5 Rf2 107. Rh7 Rf5+ 108. Kc4 h1Q 109. Rxh1 Rxf7 110. Rh6 Rf5 111. Rg6 1/2-1/2

[Event "Guben op 11th"]
[Site "Guben"]
[Date "2008.01.07"]
[Round "9"]
[White "Urban, Klaudiusz"]
[Black "Brener, Ilja"]
[Result "1/2-1/2"]
[WhiteElo "2468"]
[BlackElo "2394"]
[PlyCount "72"]
[EventDate "2008.01.02"]
[EventType "swiss"]
[EventRounds "9"]
[EventCountry "GER"]
[SourceTitle "CBM 122 Extra"]
[Source "ChessBase"]
[SourceDate "2008.03.04"]
[SourceVersion "1"]
[SourceVersionDate "2008.03.04"]
[SourceQuality "1"]

1. d4 d5 2. Nf3 Nf6 3. c4 e6 4. g3 Be7 5. Bg2 dxc4 6. 0-0 b5 7. Ne5 Nd5 8. a4 c6 9. e4 Nb6 10. Nc3 b4 11. Nb1 a5 12. Be3 0-0 13. Qc2 Ba6 14. Rd1 f6 15. Nf3 Qc7 16. Bh3 Bc8 17. Nbd2 c5 18. dxc5 Bxc5 19. Nxc4 Bxe3 20. Nxe3 Qxc2 21. Nxc2 e5 22. Bxc8 Rxc8 23. Ne3 Na6 24. Nd5 Nxd5 25. Rxd5 Nc5 26. Nd2 Rd8 27. Rxc5 Rxd2 28. b3 Rad8 29. Rxa5 Rd1+ 30. Rxd1 Rxd1+ 31. Kg2 Rb1 32. Rb5 Rxb3 33. h4 h5 34. a5 Rb2 35. a6 Ra2 36. Rxb4 Rxa6 1/2-1/2

[Event "Wch U18"]
[Site "Kemer"]
[Date "2007.11.28"]
[Round "11"]
[White "Polyakov, Maxim"]
[Black "Brener, Ilja"]
[Result "0-1"]
[WhiteElo "2296"]
[BlackElo "2382"]
[PlyCount "86"]
[EventDate "2007.11.18"]
[EventType "swiss"]
[EventRounds "11"]
[EventCountry "TUR"]
[SourceTitle "CBM 121 Extra"]
[Source "ChessBase"]
[SourceDate "2008.01.10"]
[SourceVersion "1"]
[SourceVersionDate "2008.01.10"]
[SourceQuality "1"]

1. d4 d5 2. c4 e6 3. Nc3 Nf6 4. cxd5 exd5 5. Bg5 Be7 6. e3 0-0 7. Bd3 Re8 8. Nf3 c6 9. Qc2 Nbd7 10. 0-0 h6 11. Bh4 Ne4 12. Bxe7 Qxe7 13. Bxe4 dxe4 14. Nd2 Nf6 15. Rae1 b6 16. f3 exf3 17. Rxf3 c5 18. d5 Ng4 19. Rf4 Qc7 20. Nf1 Qxf4 21. exf4 Rxe1 22. Qd2 Re8 23. Ng3 Nf6 24. h3 Bb7 25. Nf5 Rad8 26. d6 Bc8 27. Ne3 Ne4 28. Nxe4 Rxe4 29. Nd5 Rd4 30. Ne7+ Kh8 31. Qc2 R4xd6 32. Qa4 a5 33. Nxc8 Rxc8 34. Qc4 Kg8 35. f5 Re8 36. Qf4 Red8 37. Kh2 Rf6 38. g4 Rd3 39. Qb8+ Kh7 40. Qe5 Rfd6 41. Qe8 Rd2+ 42. Kg3 R6d3+ 43. Kf4 Rf2+ 0-1